[Event "Hillerod-ch B"]
[Site "Hillerod"]
[Date "2022.05.15"]
[Round "5"]
[White "Nielsen, Simon Moller"]
[Black "Lehmann, Oliver1111"]
[Result "0-1"]
[WhiteElo "1700"]
[BlackElo "1770"]
[PlyCount "80"]
[EventDate "2022.05.15"]
[EventType "tourn"]
[EventRounds "5"]
[EventCountry "DEN"]
[SourceTitle "EXT 2024"]
[Source "ChessBase"]
[SourceDate "2023.10.10"]
[SourceVersion "1"]
[SourceVersionDate "2023.10.10"]
[SourceQuality "1"]

1. d4 Nf6 2. c4 e6 3. Nf3 b6 4. g3 Ba6 5. b3 Bb4+ 6. Bd2 Be7 7. Nc3 d5 8. Bg2 c6 9. Ne5 Nfd7 10. Bf4 Nxe5 11. Bxe5 f6 12. Bf4 g5 13. Bxb8 Rxb8 14. Rc1 f5 15. Na4 Qd7 16. c5 0-0 17. Nb2 bxc5 18. dxc5 e5 19. Nd3 Qe6 20. Qd2 Bxd3 21. exd3 Rb5 22. b4 Rfb8 23. Rb1 a6 24. Rb3 a5 25. 0-0 Rxb4 26. Rfb1 Bxc5 27. d4 Rxb3 28. Rxb3 Rxb3 29. axb3 Bb4 30. Qe3 e4 31. h3 Kf7 32. Kh2 Qd6 33. f4 gxf4 34. gxf4 c5 35. Kg3 Qb6 36. Qe2 cxd4 37. Qh5+ Qg6+ 38. Kh4 Qxh5+ 39. Kxh5 Ke6 40. Kh6 d3 0-1